| 000 | 004670000a22001690004500 | ||
|---|---|---|---|
| 020 | _a84-206-2273-7 | ||
| 041 | 0 | _aSPA | |
| 082 | 0 | 4 | _aG 900 J396o |
| 100 | 1 | _aJaspers, Karl (1883-1969) | |
| 245 | 1 | 0 | _aOrigen y meta de la historia / Karl Jaspers ; Fernando Vela, Traductor |
| 260 | _aMadrid, EspaƱa : Alianza | ||
| 300 | _a363 Pag | ||
| 500 | _aTitulo original : Vom ursprung und ziel des geschichte | ||
| 650 | 1 | 4 | _aHISTORIOGRAFIA |
| 001 | 11214 | ||
| 942 | _cBK | ||
| 999 |
_c40580 _d40580 |
||